SIA Puzzle Hunt: Boys on the Side Quiz Stats

 Plays Quiz Updated Sep 16, 2015

Score 0/20 Timer 10:00
0 Plays Today
% Correct
Islamic month of fasting???
86.7%
Country that's home to Kabul???
85.5%
Genetically copied???
81.8%
Lassie, e.g.???
79.8%
Took money from the bank???
78.5%
Famed non-stick coating???
77.8%
Language of northern Spain???
75.8%
Sled race ending in Nome???
75.5%
An ordained churchmember???
75.4%
June birthstone???
73.7%
% Correct
Julie of 'Modern Family'???
71.1%
Benjamin who was UK PM???
69.9%
Relating to monkeys and higher apes???
69%
Admit to???
67%
Underwater, like a ship???
63.7%
Caltech's observatory???
62.8%
Flower sex cells???
61.7%
A type of crushed stone roadway???
54%
Strengthen through heating and cooling???
51.7%
Reach a climactic point???
37.2%

You're not logged in!

Compare scores with friends on all Sporcle quizzes.
Join for Free
OR
Log In

You Might Also Like...

Show Comments

Extras

Top Quizzes Today


Score Distribution

Your Account Isn't Verified!

In order to create a playlist on Sporcle, you need to verify the email address you used during registration. Go to your Sporcle Settings to finish the process.

Report this User

Report this user for behavior that violates our Community Guidelines.

Details: